Catálogo
 En Linea

La Necrópolis de la Loma de Peinado Casillas de Martos (Jaén) /. (Registro nro. 41685)

Detalles MARC
000 -CABECERA
campo de control de longitud fija 00719nam a2200181 a 4500
001 - NÚMERO DE CONTROL
campo de control 000042196
005 - FECHA Y HORA DE LA ÚLTIMA TRANSACCIÓN
campo de control 20201002040011.0
008 - DATOS DE LONGITUD FIJA--INFORMACIÓN GENERAL
campo de control de longitud fija 131119s1984 sp 000 0 spa d
020 ## - NÚMERO INTERNACIONAL ESTÁNDAR DEL LIBRO
Número Internacional Estándar del Libro 8460033171
040 ## - FUENTE DE LA CATALOGACIÓN
Centro catalogador/agencia de origen DO-SdBNP
Lengua de catalogación spa
Centro/agencia transcriptor BNPHU
100 1# - ENTRADA PRINCIPAL--NOMBRE DE PERSONA
Nombre de persona Maluquer de Motes, Juan
Fechas asociadas al nombre 1915-1988
9 (RLIN) 69205
245 13 - MENCIÓN DE TÍTULO
Título La Necrópolis de la Loma de Peinado Casillas de Martos (Jaén) /.
260 ## - PUBLICACIÓN, DISTRIBUCIÓN, ETC.
Lugar de publicación, distribución, etc. Barcelona :
Nombre del editor, distribuidor, etc. Universidad, Departamento de Prehistoria y Arqueología,
Fecha de publicación, distribución, etc. 1984.
300 ## - DESCRIPCIÓN FÍSICA
Extensión 191, VI p. :
Otras características físicas il. ;
Dimensiones 30 cm.
490 1# - MENCIÓN DE SERIE
Mención de serie Programa de investigaciones protohistóricas
Designación de volumen o secuencia 6
504 ## - NOTA DE BIBLIOGRAFÍA, ETC.
Nota de bibliografía, etc. Incluye referencias bibliográficas y notas al pie de las páginas
830 #0 - PUNTO DE ACCESO ADICIONAL DE SERIE-TÍTULO UNIFORME
Título uniforme Programa de investigaciones protohistóricas
Designación de volumen o secuencia 6
9 (RLIN) 69206
Existencias
Estado de retiro Estado de pérdida Restricciones de uso No para préstamo Código de colección Localización permanente Ubicación/localización actual Ubicación en estantería Fecha de adquisición Número de inventario Total de préstamos Signatura topográfica completa Código de barras Fecha visto por última vez Precio válido a partir de Tipo de ítem Koha
        Monografías: Libros y Folletos General General Orden iniciada 19.11.2013 LF1   42196-10 25.06.2020 25.06.2020 No se presta

Con tecnología Koha